| 000 | 00816cam a2200289 i 4500 | ||
|---|---|---|---|
| 001 | 4426365 | ||
| 003 | ARRUPE | ||
| 005 | 20150213020005.0 | ||
| 008 | 760713s1977 nyu b 001 0 eng | ||
| 010 | _a76023182 | ||
| 020 | _a0684147769 : | ||
| 020 | _a0684147777 (pbk.) : | ||
| 035 | _a(OCoLC)2345718 | ||
| 035 | _a(OCoLC)ocm02345718 | ||
| 035 | _a(NNC)4426365 | ||
| 040 |
_aDLC _cDLC _dNNUT _dCStRLIN |
||
| 050 | 0 |
_aBT75.2 _b.M3 1977 |
|
| 100 | 1 |
_aMacquarrie, John. _911781 |
|
| 245 | 1 | 0 |
_aPrinciples of Christian theology / _cJohn Macquarrie. |
| 250 | _a2d ed. | ||
| 260 |
_aNew York : _bScribner, _cc1977. |
||
| 300 |
_axiii, 544 p. ; _c24 cm. |
||
| 504 | _aIncludes bibliographical references and index. | ||
| 650 | 0 |
_aTheology, Doctrinal. _911782 |
|
| 942 |
_2lcc _cMONOGRAPH _01 |
||
| 999 |
_c120993 _d120993 |
||